Ochrana aplikačných programov pred škodlivým softvérom
Na minha lista:
| Autor principal: | |
|---|---|
| Outros Autores: | |
| Formato: | Manuscrito Livro |
| Idioma: | eslovaco |
| Publicado em: |
2018
|
| Assuntos: | |
| Acesso em linha: | http://is.stuba.sk/zp/portal_zp.pl?podrobnosti=138081 |
| Tags: |
Sem tags, seja o primeiro a adicionar uma tag!
|
MARC
| LEADER | 00000ntm a22000003a 4500 | ||
|---|---|---|---|
| 001 | stuzp70497 | ||
| 003 | SK-STU | ||
| 005 | 20190408120831.4 | ||
| 007 | ta | ||
| 008 | 150427s2015----xo-----f-mn---000-0-slo-d | ||
| 040 | |a STU |b slo | ||
| 041 | 0 | |a slo | |
| 044 | |a xo | ||
| 100 | 1 | |a Vaculčiak, Andrej |u 070400 |k Z4 |4 aut |U FIIT Fakulta informatiky a informačných technológií |T FIIT Ústav počítačového inžinierstva a aplikovanej informatiky |X 72424 |U I400 |Y 672 |7 72424 | |
| 242 | 0 | 1 | |a Protection of application programs against malware |y eng |
| 245 | 1 | 0 | |a Ochrana aplikačných programov pred škodlivým softvérom |
| 260 | |c 2018 | ||
| 300 | |a 65 s., |e CD-rom | ||
| 650 | 4 | |a kontrola toku programu |2 slo | |
| 650 | 4 | |a jazyk C |2 slo | |
| 650 | 4 | |a metóda CFCSS |2 slo | |
| 650 | 4 | |a control flow check |2 eng | |
| 650 | 4 | |a method CFCSS |2 eng | |
| 650 | 4 | |a C language |2 eng | |
| 700 | 1 | |a Krajčovič, Tibor |u 070400 |k Z1 |4 ths |U FIIT Fakulta informatiky a informačných technológií |T FIIT Ústav počítačového inžinierstva a aplikovanej informatiky |X 1869 |U I400 |Y 672 |7 1869 | |
| 856 | 4 | |u http://is.stuba.sk/zp/portal_zp.pl?podrobnosti=138081 | |
| 996 | |b IZP20180241 |c I*DP80/18 |l II680 |s P |a 0 |w stuzp70497_0001 | ||